00553nam a22001577a 450000500170000001000150001702000300003203500140006203700130007608200100008910000190009924500810011826000380019927001120023730000460034920210304165744.0 aENG-129154 a978-93-505783-2-2c195.00 aEN-112686 bDBAD/PUB a621.3 aShukla, Nikhil aElectrical Projects for Beginners : for high school students/cNikhil Shukla aNew DelhibV & S Publishersc2017 bNew Delhie110002aF-2/16, Ansari Road, Darya Ganjminfo@vspublishers.comk23240026, 23240027l011-23240028 a43p.c24cm(pbk)bIncluding illustrations.